Clash Royale Quiz All Cards As of March 2017 - Statistics

General Stats
  • This quiz has been taken 80 times
  • The average score is 56 of 74
Answer Stats
Answer % Correct
Giant
94%
Prince
92%
Archers
91%
Mini P.E.K.K.A.
91%
Arrows
89%
Goblins
89%
P.E.K.K.A.
89%
Ice Wizard
88%
Knight
86%
The Log
86%
Zap
86%
Spear Goblins
84%
Fireball
83%
Hog Rider
83%
Musketeer
83%
Ice Spirit
81%
Princess
81%
Royal Giant
81%
Skeleton Army
81%
Skeletons
81%
Witch
81%
Barbarians
80%
Bomber
80%
Electro Wizard
80%
Goblin Barrel
80%
Miner
80%
Sparky
80%
Balloon
78%
Giant Skeleton
78%
Goblin Gang
78%
Golem
78%
Lumberjack
78%
Minions
78%
Wizard
78%
Baby Dragon
77%
Dark Prince
77%
Inferno Dragon
77%
Valkyrie
77%
Cannon
75%
Goblin Hut
75%
Inferno Tower
75%
Lightning
75%
Lava Hound
73%
Tesla
73%
Barbarian Hut
72%
Bomb Tower
72%
Minion Horde
72%
Rage
72%
Bandit
70%
Elite Barbarians
70%
Furnace
70%
Ice Golem
70%
Rocket
70%
Freeze
69%
Dart Goblin
67%
Fire Spirits
67%
Heal
67%
Mega Minion
67%
Tombstone
67%
X-Bow
67%
Battle Ram
66%
Clone
66%
Graveyard
66%
Mirror
66%
Three Musketeers
66%
Bowler
64%
Executioner
64%
Night Witch
64%
Mortar
63%
Poison
63%
Tornado
63%
Guards
61%
Bats
59%
Elixir Collector
58%
No matching quizzes found
Score Distribution
Percent of People with Each Score
Percentile by Number Answered
Your Score History
You have not taken this quiz